000 00517nam a2200169 i 4500
001 49830
003 ES-MaACL
005 20230906162053.0
007 t|
008 030724s1952 sp ||||1| spa d
100 1 _aCox, Arthur.
_941389
245 1 0 _aOptica fotográfica /
_cArthur Cox ; traducción, Rosendo Sagrera Durán.
260 _aBarcelona :
_bOmega,
_c1952 (
_fImp. Elzeviriana)
300 _a304 p. :
_bil. ;
_c24 cm.
700 1 _aSagrera Durán, Rosendo.
_9101458
852 _aES-MaACL
_jC-56574
_bR.89350
999 _c49830
_d49830